Taylor Swift - Midnights Track Listing - Statistics

General Stats
  • This quiz has been taken 29 times
  • The average score is 19 of 20
Answer Stats
Track % Correct
3 Anti-Hero
100%
1 Lavender Haze
100%
2 Maroon
100%
4 Snow On The Beach (feat. Lana Del Rey)
100%
5 You're On Your Own, Kid
100%
6 Midnight Rain
96%
16 Paris
96%
7 Question...?
96%
15 Bigger Than The Whole Sky
92%
11 Karma
92%
10 Labyrinth
92%
13 Mastermind
92%
12 Sweet Nothing
92%
14 The Great War
92%
19 Would've, Could've, Should've
92%
9 Bejeweled
88%
20 Dear Reader
88%
17 High Infidelity
88%
8 Vigilante Shit
88%
18 Glitch
83%
No matching quizzes found
Score Distribution
Percent of People with Each Score
Percentile by Number Answered
Your Score History
You have not taken this quiz